[Event "Ch Russia (club) (juniors) (under 18)"]
[Site "masterchessopen.com Rybinsk (Russia)"]
[Date "2008.08.07"]
[Round "6"]
[White "Belova Alina (RUS)"]
[Black "Zaryvkina Anastasia (RUS)"]
[Result "1/2-1/2"]
[WhiteElo "1974"]
[BlackElo "2066"]

1.d4 Nf6 2.Nf3 g6 3.g3 Bg7 4.Bg2 O-O 5.c4 d5 6.cxd5 Nxd5 7.e4 Nb6 8.Nc3 Nc6
9.d5 Na5 10.O-O e6 11.dxe6 Bxe6 12.Bf4 c6 13.Qc2 Qc8 14.b3 c5 15.Rac1 a6
16.Ng5 c4 17.Nxe6 cxb3 18.axb3 Qxe6 19.Nd5 Bd4 20.Qa2 Nc6 21.Nc7 Qe7 22.Nxa8
Rxa8 23.Rfd1 Qf6 24.Qd2 Bb2 25.Rb1 Bc3 26.Bg5 Qe5 27.Qd6 Qxg5 28.Qc7 Qb5
29.Bf1 Qc5 30.Rdc1 a5 31.Rxc3 Qxc3 32.Qxb6 Re8 33.Qxb7 Rxe4 34.Bc4 Re1+
35.Rxe1 Qxe1+ 36.Kg2 Qe4+ 37.Kg1 Qe1+ 38.Kg2 Qe4+ 39.Kg1 Qe1+ 40.Kg2 {#d}
1/2-1/2

[Event "It (open) \"]
[Site "masterchessopen.com Medellin (Colombia)"]
[Date "2008.08.09"]
[Round "6"]
[White "Mucoz Jhon Edison (COL)"]
[Black "Prieto Ernesto (COL)"]
[Result "1/2-1/2"]
[WhiteElo "2186"]
[BlackElo "2181"]

1.d4 Nf6 2.Nf3 g6 3.c4 Bg7 4.g3 O-O 5.Bg2 d5 6.cxd5 Nxd5 7.e4 Nb6 8.Nc3 Nc6
9.d5 Na5 10.O-O c6 11.Qe2 cxd5 12.Nxd5 Nxd5 13.exd5 Qxd5 14.Qxe7 Nc6 15.Qh4
Qh5 16.Qxh5 gxh5 17.Be3 Bf5 18.Rac1 Bxb2 19.Rc5 Bg6 20.Rb5 Bg7 21.Rxb7 Rab8
22.Rc7 Rfc8 23.Rxc8+ Rxc8 24.Rc1 Ne7 25.Rd1 a5 26.Rd7 Nc6 27.Ng5 Ne5 28.Ra7 h6
29.Nh3 Rb8 30.Ra8 Rxa8 31.Bxa8 Nc4 32.Bd5 Nxe3 33.fxe3 Be5 {#d} 1/2-1/2

[Event "It (open) (b)"]
[Site "masterchessopen.com Panevezys (Lithuania)"]
[Date "2008.08.16"]
[Round "7"]
[White "Vanagaite Giedre (LTU)"]
[Black "Adomavicius Aurimas (LTU)"]
[Result "0-1"]
[WhiteElo "1959"]
[BlackElo "1677"]

1.d4 Nf6 2.c4 g6 3.Nf3 Bg7 4.g3 d5 5.cxd5 O-O 6.Bg2 Nxd5 7.e4 Nb6 8.O-O Bg4
9.e5 N8d7 10.h3 Be6 11.Ng5 Bc4 12.Re1 h6 13.Ne4 e6 14.Nbc3 Nd5 15.Nxd5 Bxd5
16.Nc3 Bxg2 17.Kxg2 c5 18.f4 Qc7 19.d5 exd5 20.Nxd5 Qc6 21.Kh2 Rfe8 22.Be3
Rad8 23.Rc1 b6 24.Rf1 Nxe5 25.Ne7+ Rxe7 26.Qxd8+ Re8 27.Qd1 Nd7 28.Bf2 Bxb2
29.Rc2 Bf6 30.Rd2 Rd8 31.Rd6 Qc7 32.Rd3 Nf8 33.Rxd8 Bxd8 34.Re1 Ne6 35.Qc2 Qc6
36.Qd3 Bf6 37.h4 c4 38.Rc1 cxd3 39.Rxc6 d2 40.Rd6 Bd4 {#R} 0-1

[Event "It (open) \"]
[Site "masterchessopen.com Tatranske Zruby (Slovakia)"]
[Date "2008.10.03"]
[Round "8"]
[White "Klemanic Emil (SVK)"]
[Black "Skliba Martin (CZE)"]
[Result "1/2-1/2"]
[WhiteElo "2230"]
[BlackElo "2318"]

1.d4 Nf6 2.Nf3 g6 3.c4 Bg7 4.g3 O-O 5.Bg2 d5 6.cxd5 Nxd5 7.e4 Nb6 8.h3 c5 9.d5
e6 10.d6 Nc6 11.Nc3 Nc4 12.O-O Qxd6 13.Qe2 N4e5 14.Nxe5 Bxe5 15.Nb5 Nd4
16.Nxd4 Bxd4 17.Bh6 Bg7 18.Bxg7 Kxg7 19.e5 Qe7 20.Qe3 Rb8 21.b4 b6 22.bxc5
Qxc5 23.Qg5 Bb7 24.Rac1 Qa3 25.Rc4 Bxg2 26.Rh4 Rh8 27.Qf6+ Kg8 28.Kxg2 Qf8
29.Rd4 Qg7 30.Rd8+ Rxd8 31.Qxd8+ Qf8 32.Qf6 Qg7 33.Rd1 Qxf6 34.exf6 h6 35.Rd7
g5 36.Rxa7 Kh7 37.Rxf7+ Kg6 38.Rb7 Kxf6 39.Rxb6 Ra8 40.Rb2 Ra3 41.Kf1 h5
42.Kg1 Ra4 43.Kg2 Ra3 44.h4 gxh4 45.gxh4 Kf5 46.f3 Ra5 47.Kg3 Kf6 48.Rc2 {#d}
1/2-1/2

[Event "World Mindsports Games (Active Team w)"]
[Site "masterchessopen.com Beijing (China)"]
[Date "2008.10.16"]
[Round "8"]
[White "Caoili Arianne (AUS)"]
[Black "Paridar Shadi (IRI)"]
[Result "0-1"]
[WhiteElo "2170"]
[BlackElo "2248"]

1.g3 g6 2.Bg2 Bg7 3.d4 d5 4.Nf3 Nf6 5.c4 O-O 6.cxd5 Nxd5 7.e4 Nb6 8.Nc3 c6
9.h3 Be6 10.O-O Qd7 11.Kh2 Rd8 12.Bg5 h6 13.Bc1 Kh7 14.e5 Na6 15.Be3 Rac8
16.Ne4 Nc4 17.b3 Nb6 18.Rc1 Bd5 19.Nfd2 f5 20.exf6 exf6 21.Nc5 Nxc5 22.dxc5
Bxg2 23.Kxg2 Nd5 24.Nc4 Qe6 25.Bd4 Ne7 26.Nd6 Nf5 27.Nxc8 Rxd4 28.Qxd4 Nxd4
29.Nd6 Qd5+ 30.f3 b6 31.Ne8 bxc5 32.Rce1 Nf5 33.Re2 Ne3+ 34.Rxe3 Qd2+ 35.Rf2
Qxe3 36.Nxg7 Kxg7 {#R} 0-1

[Event "Ch Hungary (team) 2008/09"]
[Site "masterchessopen.com Hungary"]
[Date "2009.01.25"]
[Round "6"]
[White "Nemeth Zoltan (HUN)"]
[Black "Erdelyi Zombor (HUN)"]
[Result "1/2-1/2"]
[WhiteElo "2319"]
[BlackElo "2367"]

1.Nf3 Nf6 2.c4 g6 3.d4 Bg7 4.g3 O-O 5.Bg2 d5 6.cxd5 Nxd5 7.e4 Nb6 8.Nc3 Nc6
9.d5 Na5 10.Bf4 c6 11.Rc1 cxd5 12.exd5 Bxc3+ 13.Rxc3 Qxd5 14.O-O Qxd1 15.Rxd1
Be6 16.Ng5 Bg4 17.f3 Bd7 18.Bc7 Be8 19.f4 Nc6 20.Nf3 Na4 21.Rb3 Nc5 22.Re3 Rc8
23.Be5 f6 24.Bc3 Bf7 25.Nd4 Rfd8 26.Bxc6 Rxc6 27.Rde1 Rcd6 28.Bb4 Rxd4 29.Bxc5
Rd2 30.Bxe7 Rc8 31.R3e2 Rxe2 32.Rxe2 Rc1+ 33.Kf2 Bc4 34.Rd2 Kf7 35.Ba3 Bb5
36.b3 Rf1+ 37.Ke3 Re1+ 38.Kd4 Bc6 39.Kc5 h5 40.Bb2 Re6 41.Bd4 h4 42.gxh4 b6+
43.Kc4 Re4 44.Rf2 Ke6 45.h5 gxh5 46.f5+ Kf7 47.a4 Rg4 48.Kd3 h4 49.Ke3 Re4+
50.Kd3 Bd5 51.b4 Re1 52.Rf4 h3 53.Rh4 Kg7 54.Rg4+ Kf7 55.Rg6 Rh1 56.Rxf6+ Ke7
57.Rh6 Rxh2 58.a5 bxa5 59.bxa5 Ra2 60.Rh7+ Kd6 61.Bxa7 Ke5 62.Rh5 Rxa5 63.Bd4+
Kf4 64.Rh4+ Kg3 65.Rh7 Bf3 66.f6 h2 67.f7 Rf5 68.Be5+ Kg4 69.Bxh2 Bd5 70.Rg7+
Kh5 71.Bg1 Rxf7 72.Rxf7 {#d} 1/2-1/2

[Event "It (open)"]
[Site "masterchessopen.com Ricany (Czech Republic)"]
[Date "2009.08.25"]
[Round "5"]
[White "Kralovsky Martin (CZE)"]
[Black "Drabek Vojtech (CZE)"]
[Result "1/2-1/2"]
[WhiteElo "2002"]
[BlackElo "2156"]

1.d4 Nf6 2.Nf3 g6 3.c4 Bg7 4.g3 O-O 5.Bg2 d5 6.cxd5 Nxd5 7.e4 Nb6 8.O-O Bg4
9.d5 Qd7 10.Qb3 c6 11.Nc3 cxd5 12.exd5 Bh3 13.Rd1 Bxg2 14.Kxg2 Rc8 15.Be3 {#d}
1/2-1/2

[Event "Ch Poland (team) (1 liga)"]
[Site "masterchessopen.com Ustron (Poland)"]
[Date "2009.09.17"]
[Round "6"]
[White "Guzkowska-Nurkiewicz Magdalena (POL)"]
[Black "Toma Katarzyna (POL)"]
[Result "0-1"]
[WhiteElo "2149"]
[BlackElo "2261"]

1.d4 Nf6 2.c4 g6 3.Nf3 Bg7 4.g3 O-O 5.Bg2 d5 6.cxd5 Nxd5 7.e4 Nb6 8.O-O Nc6
9.d5 Na5 10.Nc3 c6 11.Nd4 cxd5 12.exd5 Nac4 13.b3 Nd6 14.Ba3 Bd7 15.Re1 Rc8
16.Rc1 Re8 17.Bxd6 exd6 18.Qd2 Rxe1+ 19.Rxe1 Qf6 20.Nce2 Rc5 21.Rc1 Qe5 22.f4
Qe8 23.Rxc5 dxc5 24.Nc2 Bg4 25.Kf2 Qd7 26.Ne3 Bxe2 27.Kxe2 Bd4 28.Nc2 Bf6
29.Ne3 h5 30.Nc4 Nxc4 31.bxc4 Qa4 32.Kd3 b5 33.cxb5 c4+ 34.Ke2 c3 35.Qc1 Qxa2+
36.Kf3 Qxd5+ 37.Kf2 Bd4+ 38.Kf1 Qa2 39.Qe1 c2 40.Qc1 Qa1 {#R} 0-1

[Event "Ch Iceland (team) 2009/10"]
[Site "masterchessopen.com Reykjavik (Iceland)"]
[Date "2009.09.25"]
[Round "1"]
[White "Hardarson M"]
[Black "Olafsson Thorvardur (ISL)"]
[Result "0-1"]
[WhiteElo "1842"]
[BlackElo "2211"]

1.d4 Nf6 2.Nf3 g6 3.g3 Bg7 4.Bg2 O-O 5.c4 d5 6.cxd5 Nxd5 7.e4 Nb6 8.Nc3 Nc6
9.d5 Na5 10.O-O c6 11.dxc6 Nxc6 12.Qe2 Bg4 13.h3 Nd4 14.Qd1 Nxf3+ 15.Bxf3 Qxd1
16.Bxd1 Bxh3 17.Re1 Be6 18.Bg5 Rfe8 19.Bf3 Be5 20.Bg2 Nc4 21.Nd5 f6 22.Bc1
Bxd5 23.exd5 Bxb2 24.Bxb2 Nxb2 25.Rab1 Nd3 26.Red1 Nc5 27.d6 exd6 28.Rxd6 Rad8
29.Rxd8 Rxd8 30.Bxb7 Rd7 31.Bc6 Rc7 32.Bd5+ Kg7 33.Rb5 Nd3 34.Ra5 Kh6 35.Kg2
Rc5 36.Rxc5 Nxc5 37.f4 Kg7 38.Kh3 f5 39.g4 fxg4+ 40.Kxg4 Kf6 41.a3 Nd7 42.Bc6
Nb6 43.a4 Nc4 44.Be4 h5+ 45.Kg3 Nd6 46.Bc2 Nf5+ 47.Kh3 Nd4 48.Bb1 Ne2 {#R} 0-1

[Event "Memorial Siamidi (open)"]
[Site "masterchessopen.com Ufa (Russia)"]
[Date "2009.10.11"]
[Round "9"]
[White "Gavrilov Vsevolod (RUS)"]
[Black "Ibragimov Maxim (RUS)"]
[Result "1/2-1/2"]
[WhiteElo "2174"]
[BlackElo "2159"]

1.Nf3 Nf6 2.d4 g6 3.c4 Bg7 4.g3 O-O 5.Bg2 d5 6.cxd5 Nxd5 7.e4 Nb6 8.O-O Na6
9.Nc3 c5 10.dxc5 Qxd1 11.Rxd1 Nxc5 12.Be3 Nca4 13.Nxa4 Nxa4 14.Bd4 Bg4 15.Bxg7
Kxg7 16.Rd4 Bxf3 17.Bxf3 Nb6 18.e5 Rad8 19.Rad1 Rxd4 20.Rxd4 Rc8 21.Bxb7 Rc2
22.Rb4 Nc4 23.Be4 Rc1+ 24.Kg2 Nxe5 25.Rb7 Rc4 26.Bf3 Ra4 27.Bd5 Kf6 28.Bb3 Ra5
29.f4 Nd3 30.Bc4 Nc5 31.Rc7 Ne4 32.a3 h5 33.Bd3 Nd6 34.Kf3 e5 35.fxe5+ Kxe5
36.Ke3 f5 37.Rg7 Kf6 38.Rc7 Ke5 39.h4 Ra4 40.Rc5+ Ke6 41.Bc2 Rg4 42.Kf3 Nf7
43.Bb3+ Kd6 44.Rd5+ Kc6 45.Ra5 Nd6 46.Re5 Ne4 47.Ba4+ Kd6 48.Ra5 Rxg3+ 49.Ke2
Rg2+ 50.Ke3 Rxb2 51.Rxa7 Rg2 52.Be8 Rg3+ 53.Kf4 Rg4+ 54.Ke3 Nc5 55.Kf3 Ke5
56.Rg7 Rxh4 57.Rxg6 Rc4 58.Rh6 Rc3+ 59.Ke2 Rxa3 60.Rxh5 Ne4 61.Rh4 Ra2+ 62.Ke1
f4 63.Bc6 Ng3 64.Rh8 Re2+ 65.Kd1 Kd6 66.Ba8 Re7 67.Rf8 Ke5 68.Ke1 Nh5 69.Kf2
Nf6 70.Rb8 Kf5 71.Rb5+ Ke6 72.Bf3 Ra7 73.Rb6+ Kf5 74.Rb5+ Kg6 75.Rb2 Ra5
76.Be2 {#d} 1/2-1/2

[Event "Ch Slovakia (team) 2009/10 (1 liga) West"]
[Site "masterchessopen.com Slovakia"]
[Date "2009.10.17"]
[Round "1"]
[White "Jancovic Peter (SVK)"]
[Black "Certek Pavel (SVK)"]
[Result "0-1"]
[WhiteElo "2140"]
[BlackElo "2244"]

1.d4 Nf6 2.c4 g6 3.Nf3 Bg7 4.g3 O-O 5.Bg2 d5 6.cxd5 Nxd5 7.e4 Nb6 8.h3 c5
9.Be3 Nc4 10.O-O Nc6 11.d5 Nxe3 12.fxe3 Bxb2 13.Nbd2 Ne5 14.Rb1 Nxf3+ 15.Nxf3
Bg7 16.Kh2 Qc7 17.Qc2 Bd7 18.Rfc1 b6 19.Ng1 Rac8 20.Ne2 Be5 21.Nf4 c4 22.Bf1
b5 23.h4 Qd6 24.Kg2 Rc7 25.h5 Rb8 26.hxg6 hxg6 27.Qf2 Kg7 28.Be2 Rh8 29.Rh1
Rcc8 30.Rbf1 Qf6 31.g4 Rxh1 32.Kxh1 Rh8+ 33.Kg1 Kg8 34.a4 a6 35.axb5 axb5
36.Qg2 Qg5 37.Qf3 Rh7 38.Rf2 c3 39.Bd1 b4 40.Nd3 Bd6 41.e5 Bxe5 42.Nxb4 f5
43.Nd3 Bf6 44.Qg3 fxg4 45.Nf4 Bf5 46.Bc2 Qh6 47.Kf1 Bh4 48.Qg2 Bxf2 49.Bxf5
gxf5 50.Kxf2 Qh2 51.Ne2 Rh3 52.Nxc3 Rf3+ {#R} 0-1

[Event "It (open) \"]
[Site "masterchessopen.com Hastings (England)"]
[Date "2010.01.03"]
[Round "7"]
[White "Straub Peter (GER)"]
[Black "Cumming Rhys (ENG)"]
[Result "1-0"]
[WhiteElo "2119"]
[BlackElo "2008"]

1.d4 Nf6 2.Nf3 g6 3.c4 Bg7 4.g3 O-O 5.Bg2 d5 6.cxd5 Nxd5 7.e4 Nb6 8.O-O Bg4
9.Be3 Nc6 10.d5 Ne5 11.Nbd2 e6 12.Qb3 exd5 13.Nxe5 Bxe5 14.exd5 Qd7 15.Rfe1
Bg7 16.Ne4 Qa4 17.Nc5 Qxb3 18.axb3 Bxb2 19.Ra2 Bg7 20.Nxb7 Rab8 21.Nc5 a5
22.h3 Bc8 23.Bf4 Na8 24.d6 Rb5 25.dxc7 Rxc5 26.Bd6 Rxc7 27.Bxa8 Bxh3 28.Bxc7
Rxa8 29.Rxa5 Rc8 30.Rd5 Rxc7 31.Rd8+ Bf8 32.Ree8 Rb7 33.Rxf8+ Kg7 34.Rb8 Rc7
35.Rfd8 Bg4 36.Kg2 Rc3 37.Re8 Bf3+ 38.Kf1 Rc1+ 39.Re1 Rc5 40.Rb4 g5 41.Rc4 Rd5
42.Rec1 g4 43.Rc5 Rd6 44.Re5 Rb6 45.Re3 Rb5 46.Ke1 Rd5 47.b4 Rb5 48.Rb1 f5
49.Kd2 Be4 50.Rb2 Rb6 51.Kc3 Rc6+ 52.Kd4 Kf6 53.b5 Rc8 54.b6 Ke6 55.Rxe4+ fxe4
56.b7 Rb8 57.Kc5 {#r} 1-0

[Event "Memorial Monroy"]
[Site "masterchessopen.com Santa Cruz (Bolivia)"]
[Date "2010.01.11"]
[Round "6"]
[White "Monroy Garzon Javier (BOL)"]
[Black "Campero Ronald (BOL)"]
[Result "0-1"]
[WhiteElo "2062"]
[BlackElo "2212"]

1.d4 Nf6 2.Nf3 g6 3.g3 Bg7 4.Bg2 O-O 5.c4 d5 6.cxd5 Nxd5 7.e4 Nb6 8.O-O Bg4
9.Be3 Nc6 10.e5 Qd7 11.Nbd2 Bh3 12.Qb3 Bxg2 13.Kxg2 a5 14.Ne4 a4 15.Qc2 Rfb8
16.Nc5 Qd5 17.Rfc1 Nb4 18.Qe4 a3 19.b3 Qxe4 20.Nxe4 c6 21.Nc5 N6d5 22.Bd2 Na6
23.Ne4 f6 24.Rc4 fxe5 25.Nxe5 Rd8 26.Re1 Nb6 27.Rc2 Rxd4 28.Nf3 Rd7 29.Neg5
Nd5 30.Ne5 Bxe5 31.Rxe5 Nac7 32.Ne4 Nb5 33.Nc5 Rc7 34.Rc4 Nd6 35.Rc2 Rcc8
36.Re1 b6 37.Nd3 Nb5 38.Bg5 Nd4 39.Rc4 c5 40.b4 b5 41.Rxc5 Rxc5 42.bxc5 b4
43.Nc1 b3 44.axb3 a2 45.Nxa2 Rxa2 46.Bxe7 Nxb3 47.Bd6 Rc2 48.Re8+ Kg7 49.Re5
Nf6 50.h3 Nc1 51.Re7+ Kg8 52.Re3 Ne2 53.g4 g5 54.Re6 Kf7 55.Re7+ Kg6 56.Be5
Nf4+ 57.Bxf4 gxf4 58.Re5 Rc3 59.Rf5 Ne4 60.Rxf4 Nxc5 61.h4 Nd3 62.Rf8 Ne1+
63.Kf1 Nf3 64.h5+ Kg5 65.Rg8+ Kf4 66.Kg2 Ng5 67.h6 Kxg4 68.f3+ Kh5 69.f4 Ne6
70.f5 Ng5 71.f6 Kxh6 72.Ra8 Rc6 73.Ra7 Rxf6 {#R} 0-1

[Event "Ch Lithuania"]
[Site "masterchessopen.com Nemencine (Lithuania)"]
[Date "2010.04.25"]
[Round "1"]
[White "Zukauskas Petras (LTU)"]
[Black "Laurusas Tomas (LTU)"]
[Result "0-1"]
[WhiteElo "1823"]
[BlackElo "2291"]

1.Nf3 Nf6 2.d4 g6 3.c4 Bg7 4.g3 O-O 5.Bg2 d5 6.cxd5 Nxd5 7.e4 Nb6 8.h3 Nc6
9.d5 Na5 10.O-O c6 11.Nc3 cxd5 12.exd5 e6 13.d6 Nac4 14.Qd3 Qxd6 15.Qxd6 Nxd6
16.Rd1 Ndc4 17.Ne1 Rb8 18.a4 Na5 19.Be3 e5 20.Bc5 Re8 21.Nb5 Nb3 22.Nc7 Be6
23.Nxe8 Rxe8 24.a5 Nc8 25.Bb4 Nxa1 26.Rxa1 b6 27.a6 Ne7 28.Rd1 Nf5 29.Bc6 Rb8
30.Nf3 Nd4 31.Nxd4 exd4 32.Kg2 Bc4 33.Bd6 Rd8 34.Be7 Rc8 35.Bb7 Re8 36.Bd6 d3
37.b3 Bb5 38.Bc7 Bd4 39.g4 h6 40.Kf3 Re2 41.Be4 Rxf2+ 42.Kg3 Re2 43.Bd5 Bxa6
44.Rf1 Re7 45.Bf4 Kg7 46.g5 hxg5 47.Bxg5 f6 48.Bf4 g5 49.Bd2 Re2 50.Rd1 Be5+
51.Kf3 Rh2 52.Ke4 Kg6 53.Be6 Re2+ 54.Kf3 Bb7+ {#R} 0-1

[Event "Tournament (Elo)"]
[Site "masterchessopen.com Shepsi (Russia)"]
[Date "2010.08.23"]
[Round "12"]
[White "Dubov Aleksandr (RUS)"]
[Black "Khobotova Olesia (RUS)"]
[Result "1/2-1/2"]
[WhiteElo "2131"]
[BlackElo "2008"]

1.d4 Nf6 2.Nf3 g6 3.g3 Bg7 4.Bg2 O-O 5.c4 d5 6.cxd5 Nxd5 7.e4 Nb6 8.h3 Nc6
9.d5 Na5 10.Qe2 c6 11.dxc6 Nxc6 12.O-O Be6 13.Na3 Qc8 14.Kh2 Nb4 15.Be3 Nxa2
16.Nd4 Nb4 17.Rac1 Nc6 18.Nab5 Bd7 19.Nxc6 bxc6 20.Qd2 Qb7 21.Na3 Na4 22.Bd4
e5 23.Be3 Rfd8 24.Qc2 Nb6 25.Rfd1 Be8 26.Bc5 Rd7 27.Rxd7 Bxd7 28.Rd1 Re8 29.b4
Be6 30.Bf1 Qc8 31.b5 cxb5 32.Bxb5 Rd8 33.Rxd8+ Qxd8 34.Be3 Qd6 35.Qc3 Qb8
36.Nc2 Qc8 37.Qxc8+ Nxc8 38.Ba6 Nb6 39.Nb4 Bc8 40.Bb5 Bb7 41.Bc6 Bf8 42.Bxb7
Bxb4 43.f4 f6 44.Kg2 Kf7 45.Kf3 Ke6 46.Ke2 Kd6 47.Kd3 Bc5 48.fxe5+ fxe5 49.Bd2
Bd4 50.Bb4+ Kc7 51.Ba6 Kc6 52.g4 Nd7 53.Bc4 a5 54.Bxa5 Nc5+ 55.Ke2 Nxe4 56.Kf3
Ng5+ 57.Kg3 h6 58.h4 Ne4+ 59.Kf3 Nd6 60.Bd3 {#d} 1/2-1/2

[Event "Ch Vojvodina (team)"]
[Site "masterchessopen.com Sombor (Serbia)"]
[Date "2010.10.12"]
[Round "3"]
[White "Vajdic Nikola (SRB)"]
[Black "Mastrapovic Vladimir (SRB)"]
[Result "1-0"]
[WhiteElo "2301"]
[BlackElo "2255"]

1.Nf3 Nf6 2.d4 g6 3.g3 Bg7 4.Bg2 O-O 5.c4 d5 6.cxd5 Nxd5 7.e4 Nb6 8.O-O Nc6
9.d5 Na5 10.Nc3 c6 11.Nd4 Bd7 12.b3 Rc8 13.Bb2 cxd5 14.exd5 Nbc4 15.Bc1 Qb6
16.Nce2 Bg4 17.bxc4 Nxc4 18.Be3 Bxe2 19.Qxe2 Bxd4 20.Rab1 Bxe3 21.Rxb6 Bxb6
22.Qxe7 Rc7 23.Qe2 Nd6 24.h4 Re8 25.Qd3 Re5 26.Bf3 h5 27.a4 Bc5 28.Kg2 b6
29.Rc1 Ree7 30.Rc2 Bb4 31.Rb2 Bc3 32.Rc2 Bb4 33.Rc6 Bc5 34.Qd2 Red7 35.Qf4 Ne8
36.g4 Bd6 37.Qh6 hxg4 38.Bxg4 Re7 39.Bf3 Re5 40.h5 Rxc6 41.dxc6 g5 42.c7 Bxc7
43.Qc6 Re7 44.Bg4 Be5 45.Qh6 Bf6 46.Bf5 Re5 47.Bh7+ {#r} 1-0

[Event "It (open)"]
[Site "masterchessopen.com Anzere (Switzerland)"]
[Date "2011.03.19"]
[Round "4"]
[White "Makawitage Hiru (SUI)"]
[Black "Paladini Jean-Michel (SUI)"]
[Result "1/2-1/2"]
[WhiteElo "1747"]
[BlackElo "2068"]

1.d4 Nf6 2.c4 g6 3.Nf3 Bg7 4.g3 O-O 5.Bg2 d5 6.cxd5 Nxd5 7.e4 Nb6 8.O-O Nc6
9.Be3 Nc4 10.Qb3 Nxe3 11.fxe3 e6 12.Nc3 Rb8 13.Ne2 Bd7 14.Nd2 b5 15.e5 Na5
16.Qc3 b4 17.Qc5 Bb5 18.Rfe1 Rb6 19.Qxb4 Bxe2 20.Qxa5 Bd3 21.Qc3 Ba6 22.b3 f6
23.exf6 Qxf6 24.Nc4 Qf2+ 25.Kh1 c5 26.Rf1 cxd4 27.Rxf2 dxc3 28.Rxf8+ Kxf8
29.Nxb6 axb6 30.Be4 Ke7 31.Bc2 Kd6 32.Rd1+ Kc6 33.Kg2 Bb7 34.Kf2 b5 35.Rf1 Kd6
36.Rd1+ Kc7 37.b4 Bd5 38.a4 bxa4 39.Bxa4 Kb6 40.g4 Be5 41.h4 h6 42.g5 hxg5
43.hxg5 Be4 44.Rc1 Ka6 45.Bd7 c2 46.Ba4 Bb2 47.Bxc2 Bxc1 48.Bxe4 Kb5 49.Bxg6
Kxb4 50.Bf7 Kc5 51.g6 Bb2 52.Bxe6 Kd6 53.Bf7 Ke7 54.Kf3 Kf6 55.Kg4 Bc1 56.e4
Bh6 57.Kh5 Bg7 58.Bc4 Bf8 59.Be2 Bg7 60.Bg4 Bf8 61.Bf5 Bg7 62.Kg4 Bh6 63.Kf3
Ke5 64.Ke2 Kd4 65.Kd1 Ke5 66.Kc2 Bg7 67.Kb3 Kd6 68.Kc4 Bf6 69.Kb5 Bd4 70.Ka6
Kc6 71.Bc8 Kc7 72.Kb5 Bg7 73.Kc5 Kxc8 74.Kd6 Kd8 75.Ke6 Ke8 76.e5 Bh8 77.Kd6
Bg7 78.Ke6 Bh8 {#d} 1/2-1/2

[Event "Czech League 2010/11 (krajsky prebor)"]
[Site "masterchessopen.com Czech Republic"]
[Date "2011.03.20"]
[Round "10"]
[White "Hajek Jiri (CZE)"]
[Black "Safarik Jakub"]
[Result "0-1"]
[WhiteElo "2145"]
[BlackElo "1967"]

1.d4 Nf6 2.Nf3 g6 3.g3 Bg7 4.Bg2 O-O 5.c4 d5 6.cxd5 Nxd5 7.e4 Nb6 8.Nc3 Na6
9.O-O Bg4 10.Be3 c5 11.e5 Rc8 12.h3 Be6 13.Ng5 Bd5 14.Nxd5 Nxd5 15.e6 Nxe3
16.fxe3 f6 17.Nf7 Qb6 18.d5 Rfe8 19.Qf3 Nc7 20.Qg4 Nb5 21.Qf4 Nd6 22.Nxd6 exd6
23.Rf2 Rc7 24.g4 Rf8 25.Be4 c4 26.Rc1 Qc5 27.h4 Kh8 28.Bg2 b5 29.h5 g5 30.Qg3
h6 31.Rf5 a5 32.Be4 Re7 33.Qf2 b4 34.Bb1 c3 35.bxc3 bxc3 36.Kg2 Qc4 37.Kh3 Rb7
38.Qc2 Rc7 39.Rf4 f5 40.Rxc4 Rxc4 {#R} 0-1

[Event "Tournament (open)"]
[Site "masterchessopen.com Oslo (Norway)"]
[Date "2011.04.20"]
[Round "1"]
[White "Gyldenas Ole Jorn"]
[Black "Haug Johannes"]
[Result "1-0"]
[WhiteElo "1917"]
[BlackElo "1874"]

1.d4 Nf6 2.c4 g6 3.Nf3 Bg7 4.g3 O-O 5.Bg2 d5 6.cxd5 Nxd5 7.e4 Nb6 8.O-O Nc6
9.d5 Na5 10.Nc3 c6 11.Be3 cxd5 12.Bxb6 axb6 13.exd5 Nc4 14.Qb3 Bxc3 15.Qxc3
Qxd5 16.Nd4 Qc5 17.b4 Qc7 18.Rfc1 b5 19.Nxb5 Qe5 20.Qxc4 Be6 21.Qc5 {#r} 1-0

[Event "It (open) \"]
[Site "masterchessopen.com Uljanovsk (Russia)"]
[Date "2011.08.27"]
[Round "5"]
[White "Sazonov Anatolij (RUS)"]
[Black "Poletaev Vitaly (RUS)"]
[Result "0-1"]
[WhiteElo "1956"]
[BlackElo "2051"]

1.Nf3 d5 2.g3 g6 3.Bg2 Bg7 4.d4 Nf6 5.c4 O-O 6.cxd5 Nxd5 7.e4 Nb6 8.h3 Nc6
9.d5 Ne5 10.Nxe5 Bxe5 11.O-O Bg7 12.Qc2 e6 13.Bf4 e5 14.Be3 f5 15.Bc5 Rf7
16.f3 Nd7 17.Bf2 Nf6 18.Nc3 Bd7 19.a4 a6 20.Rfd1 Nh5 21.Kh1 Bf8 22.Rf1 Bd6
23.Ne2 Qg5 24.b3 Raf8 25.Qc1 Qxc1 26.Raxc1 fxe4 27.Ng1 exf3 28.Bxf3 Rxf3
29.Nxf3 Rxf3 30.b4 e4 31.Kg2 Nxg3 32.Rfe1 Bf5 33.Re3 Bf4 34.Bxg3 Bxe3 35.Rxc7
Bf4 36.Bxf4 Rxf4 37.d6 e3 38.d7 Bxd7 39.Rxd7 Rxb4 40.a5 Rb2+ 41.Kf3 Rf2+
42.Kxe3 Rf7 43.Rd6 Kg7 44.Rb6 Kh6 45.Kd2 Kh5 46.Rb4 h6 47.Ke3 g5 48.Ke2 Rf5
49.Rxb7 Rxa5 50.Rb6 Ra3 51.h4 g4 52.Kf2 a5 53.Ra6 a4 54.Kg2 Rf3 55.Kg1 a3
56.Kg2 Rh3 57.Kg1 Rg3+ 58.Kf2 Rb3 59.Kg2 Kxh4 60.Rxh6+ Kg5 61.Ra6 Kf5 62.Ra5+
Ke4 63.Ra4+ Ke3 {#R} 0-1

[Event "Extra League 2011/12 (juniors)"]
[Site "masterchessopen.com Czech Republic"]
[Date "2011.10.15"]
[Round "1"]
[White "Suchomel Ales (CZE)"]
[Black "Cizinsky Petr"]
[Result "1-0"]
[WhiteElo "1996"]
[BlackElo "2178"]

1.d4 Nf6 2.Nf3 g6 3.g3 Bg7 4.c4 O-O 5.Bg2 d5 6.cxd5 Nxd5 7.e4 Nb6 8.Nc3 c5
9.dxc5 Qxd1+ 10.Nxd1 Na4 11.Be3 Nxb2 12.Nxb2 Bxb2 13.Rb1 Bc3+ 14.Ke2 Be6
15.Nd2 Nc6 16.Rxb7 Na5 17.Rxe7 Bc8 18.e5 Ba6+ 19.Kd1 Rad8 20.Kc2 Bb4 21.Be4 f5
22.exf6 Rxf6 23.f3 Nc6 24.Rc7 Nd4+ 25.Bxd4 Rxd4 26.Nb3 Rxe4 27.fxe4 Rf2+
28.Kc1 Be2 29.Rxa7 Bf3 30.Rd1 Bxd1 31.Kxd1 Rxh2 32.c6 Bd6 33.c7 Bxc7 34.Rxc7
Rxa2 35.Rc3 Kf7 36.Rf3+ Ke6 37.Nd2 h5 38.Ke2 Ke5 39.Rf8 Ke6 40.Ke3 Ra3+ 41.Kf2
Rd3 42.Nf3 Ra3 43.Rb8 Rc3 44.Ra8 Rc5 45.Ra6+ Kf7 46.Ke3 Rc3+ 47.Kf4 Kg7 48.Ng5
Rb3 49.Ra7+ Kf8 50.Ne6+ Ke8 51.Rg7 g5+ 52.Nxg5 Rb5 53.Rh7 Kf8 54.Rxh5 Ke7
55.Rh6 Kf8 56.Ra6 Ke8 57.Ra7 Rc5 58.e5 Rb5 59.Kf5 Rc5 60.Ne4 Rc6 61.g4 Kf8
62.Nd6 Rc1 63.Kf6 Rf1+ 64.Nf5 Kg8 65.e6 Re1 66.e7 Re2 67.Nd6 {#r} 1-0

[Event "It (open)"]
[Site "masterchessopen.com Arco (Italy)"]
[Date "2011.12.30"]
[Round "7"]
[White "Simmon Norbert (GER)"]
[Black "Medves Enrico"]
[Result "0-1"]
[WhiteElo "1785"]
[BlackElo "1889"]

1.g3 Nf6 2.d4 g6 3.Bg2 d5 4.Nf3 Bg7 5.c4 O-O 6.cxd5 Nxd5 7.e4 Nb6 8.Nc3 Nc6
9.d5 Na5 10.Qc2 f5 11.Nd2 e6 12.exf5 exd5 13.O-O Bxf5 14.Qd1 Qd7 15.Nb3 Nxb3
16.Qxb3 c6 17.Ne4 Rae8 18.Nc5 Qc8 19.a4 Rf7 20.Bd2 Nc4 21.Bc3 b6 22.Bxg7 Rxg7
{#R} 0-1

[Event "It (open) \"]
[Site "masterchessopen.com Caleta (England)"]
[Date "2012.01.24"]
[Round "2"]
[White "Suez-Panama Gilles (FRA)"]
[Black "Andersen Daniel (DEN)"]
[Result "1-0"]
[WhiteElo "2034"]
[BlackElo "1884"]

1.d4 Nf6 2.Nf3 g6 3.c4 Bg7 4.g3 d5 5.cxd5 Nxd5 6.Bg2 O-O 7.e4 Nb6 8.O-O c5
9.d5 e6 10.Bg5 Qd7 11.Nc3 h6 12.Bf4 exd5 13.exd5 Rd8 14.Ne5 Qf5 15.Be4 Qh3
16.Bg2 Qf5 17.Be4 Qh3 18.Re1 g5 19.Bg2 Qf5 20.Be4 Qh3 21.Bg2 Qf5 22.Be4 Qf6
23.Bd2 Qxe5 24.Bh7+ Kxh7 25.Rxe5 Bxe5 26.Bxg5 f6 27.Be3 Nc6 28.Qh5 Ne7 29.Qf7+
Kh8 30.Qxe7 Bg4 31.Kg2 Nc4 32.Bxh6 Rd7 33.Qxc5 Nxb2 34.Qb4 Bf5 35.Qxb2 Rc8
36.Rc1 Rdc7 37.d6 Bxc3 38.Rxc3 Rxc3 39.Qxb7 Rg8 40.Qf7 Be4+ 41.Kf1 Rd3
42.Qxf6+ Kh7 43.Qe7+ Kxh6 44.Qxe4 Rd1+ 45.Ke2 Ra1 46.Qh4+ Kg6 47.Qg4+ Kf7
48.Qf5+ Ke8 49.Qe6+ {#r} 1-0

[Event "Ch Brazil (amateurs)"]
[Site "masterchessopen.com Goiania (Brazil)"]
[Date "2012.02.19"]
[Round "4"]
[White "De Freitas Julio Eimard (BRA)"]
[Black "De Paula Rafael Figueiredo"]
[Result "0-1"]
[WhiteElo "1884"]
[BlackElo "2047"]

1.d4 Nf6 2.c4 g6 3.Nf3 Bg7 4.g3 O-O 5.Bg2 d5 6.cxd5 Nxd5 7.e4 Nb6 8.Nc3 Nc6
9.d5 Na5 10.O-O c6 11.Nd4 e6 12.Nde2 exd5 13.exd5 cxd5 14.Nxd5 Nxd5 15.Qxd5
Be6 16.Qxd8 Raxd8 17.Bg5 Rc8 18.Nc3 Nc4 19.Nd5 Bxd5 20.Bxd5 Rc5 21.Bxc4 Rxc4
22.Rac1 Ra4 23.a3 Bxb2 24.Rb1 Bxa3 25.Rxb7 Bc5 26.Rd1 Ra2 27.Rd2 Rxd2 28.Bxd2
Re8 29.Bc3 Rc8 30.Bf6 a5 31.Kf1 a4 32.Rb1 Bf8 33.Rb6 Ra8 34.Ke2 a3 35.Rb1 a2
36.Ra1 Bg7 37.Bxg7 Kxg7 38.Kd2 Kf6 39.Kc2 Kf5 40.Kd3 Kg4 {#R} 0-1